<?xml version="1.0" encoding="UTF-8"?>
<collection xmlns="http://www.loc.gov/MARC21/slim">
 <record>
  <leader>00854nam a2200205 a 4500</leader>
  <controlfield tag="001">1/29898</controlfield>
  <controlfield tag="008">030527s2006    lu           n001 0 eng  </controlfield>
  <datafield tag="020" ind1=" " ind2=" ">
   <subfield code="a">9279003909</subfield>
  </datafield>
  <datafield tag="035" ind1=" " ind2=" ">
   <subfield code="l">32031</subfield>
  </datafield>
  <datafield tag="082" ind1="0" ind2="0">
   <subfield code="a">KET 382.094 EUR</subfield>
  </datafield>
  <datafield tag="245" ind1="0" ind2="0">
   <subfield code="a">European business :</subfield>
   <subfield code="b">facts and figures : data 1995-2004</subfield>
  </datafield>
  <datafield tag="260" ind1=" " ind2=" ">
   <subfield code="a">Βρυξέλες :</subfield>
   <subfield code="b">Υπηρεσία Επισήμων Εκδόσεων των Ευρωπαϊκών Κοινοτήτων,</subfield>
   <subfield code="c">2006</subfield>
  </datafield>
  <datafield tag="300" ind1=" " ind2=" ">
   <subfield code="a">404 σ. ;</subfield>
   <subfield code="c">29 εκ. +</subfield>
   <subfield code="e">1 οπτικό δίσκο Η/Υ</subfield>
  </datafield>
  <datafield tag="490" ind1="1" ind2=" ">
   <subfield code="a">Panorama of the European Union ;</subfield>
  </datafield>
  <datafield tag="651" ind1=" " ind2="0">
   <subfield code="a">European Union countries</subfield>
   <subfield code="x">Commerce.</subfield>
  </datafield>
  <datafield tag="651" ind1=" " ind2="0">
   <subfield code="a">Europe</subfield>
   <subfield code="x">Commerce.</subfield>
  </datafield>
  <datafield tag="710" ind1="2" ind2=" ">
   <subfield code="a">European Commission.</subfield>
  </datafield>
  <datafield tag="830" ind1=" " ind2=" ">
   <subfield code="a">Panorama of the European Union.</subfield>
  </datafield>
  <datafield tag="852" ind1=" " ind2=" ">
   <subfield code="a">INST</subfield>
   <subfield code="b">UNIPILB</subfield>
   <subfield code="c">KET</subfield>
   <subfield code="e">20060403</subfield>
   <subfield code="h">KET 382.094 EUR</subfield>
   <subfield code="p">00150592</subfield>
   <subfield code="q">00150592</subfield>
   <subfield code="t">LOAN</subfield>
   <subfield code="y">0</subfield>
   <subfield code="4">1</subfield>
  </datafield>
  <datafield tag="856" ind1="4" ind2=" ">
   <subfield code="d">/webopac/covers/02/32031_9279003909.jpg</subfield>
  </datafield>
 </record>
</collection>
